Simulation and implementation of the timing synchronization , cell identification , and FFT for the ofdmabased mobile wimax 802.163 / (رقم التسجيلة. 7317)

تفاصيل مارك
000 -LEADER
fixed length control field 018040000a22003370004500
003 - CONTROL NUMBER IDENTIFIER
control field EG-GICUC
005 - DATE AND TIME OF LATEST TRANSACTION
control field 20250223025157.0
008 - FIXED-LENGTH DATA ELEMENTS--GENERAL INFORMATION
fixed length control field 080326s2007 ua d f m 000 0 eng d
040 ## - CATALOGING SOURCE
Original cataloging agency EG-GICUC
Language of cataloging eng
Transcribing agency EG-GICUC
041 0# - LANGUAGE CODE
Language code of text/sound track or separate title Eng
049 ## - LOCAL HOLDINGS (OCLC)
Holding library Deposite
097 ## - Thesis Degree
Thesis Level M.Sc
099 ## - LOCAL FREE-TEXT CALL NUMBER (OCLC)
Classification number Cai01.13.08.M.Sc.2007.Ab.S
100 0# - MAIN ENTRY--PERSONAL NAME
Personal name Abdelmohsen Abdelrazik Abdelmohsen Khater
245 10 - TITLE STATEMENT
Title Simulation and implementation of the timing synchronization , cell identification , and FFT for the ofdmabased mobile wimax 802.163 /
Statement of responsibility, etc. Abdelmohsen Abdelrazik Abdelmohsen Khater ; Supervised Serag E.Habib , Mohamed M.Khairy
246 15 - VARYING FORM OF TITLE
Title proper/short title محاكاة وتنفيذ ضبط التزامن الوقتى وتحديد الخلية وتحويل فورير السريع الخاص بالواى ماكس المتنقل 802.163المبنى على تعدد الاتاحة فى تقسيم نطاق التردد المتعامد
260 ## - PUBLICATION, DISTRIBUTION, ETC.
Place of publication, distribution, etc. Cairo :
Name of publisher, distributor, etc. Abdelmohsen Abdelrazik Abdelmohsen Khater ,
Date of publication, distribution, etc. 2007
300 ## - PHYSICAL DESCRIPTION
Extent 101P. :
Other physical details charts ;
Dimensions 30cm
502 ## - DISSERTATION NOTE
Dissertation note Thesis (M.Sc.) - Cairo University - Faculty Of Engineering - Department Of Electronics and Communications
520 ## - SUMMARY, ETC.
Summary, etc. Current wireless communication standards fail to provide sufficient data rates when a user is moving at high speeds.In view of this requirement for future mobile wireless communication systems , the 802.16e - 2005 standard has been proposed by the institute of electrical and electronic engineers IEEE
530 ## - ADDITIONAL PHYSICAL FORM AVAILABLE NOTE
Additional physical form available note Issued also as CD
653 #4 - INDEX TERM--UNCONTROLLED
Uncontrolled term 802 , 16e
653 #4 - INDEX TERM--UNCONTROLLED
Uncontrolled term OFDMA
653 #4 - INDEX TERM--UNCONTROLLED
Uncontrolled term WiMAX
700 0# - ADDED ENTRY--PERSONAL NAME
Personal name Mohamed Mohamed Khairy ,
Relator term
700 0# - ADDED ENTRY--PERSONAL NAME
Personal name Serag Eldin Sayed Habib ,
Relator term
856 ## - ELECTRONIC LOCATION AND ACCESS
Uniform Resource Identifier <a href="http://172.23.153.220/th.pdf">http://172.23.153.220/th.pdf</a>
905 ## - LOCAL DATA ELEMENT E, LDE (RLIN)
Cataloger Mustafa
Reviser Revisor
905 ## - LOCAL DATA ELEMENT E, LDE (RLIN)
Cataloger Samia
Reviser Cataloger
942 ## - ADDED ENTRY ELEMENTS (KOHA)
Source of classification or shelving scheme Dewey Decimal Classification
Koha item type Thesis
المقتنيات
Source of classification or shelving scheme Not for loan Home library Current library Date acquired Full call number Barcode Date last seen Koha item type Copy number
Dewey Decimal Classification   المكتبة المركزبة الجديدة - جامعة القاهرة قاعة الرسائل الجامعية - الدور الاول 11.02.2024 Cai01.13.08.M.Sc.2007.Ab.S 01010110048404000 22.09.2023 Thesis  
Dewey Decimal Classification   المكتبة المركزبة الجديدة - جامعة القاهرة مخـــزن الرســائل الجـــامعية - البدروم 11.02.2024 Cai01.13.08.M.Sc.2007.Ab.S 01020110048404000 22.09.2023 CD - Rom 48404.CD
Cairo University Libraries Portal Implemented & Customized by: Eng. M. Mohamady Contacts: new-lib@cl.cu.edu.eg | cnul@cl.cu.edu.eg
CUCL logo CNUL logo
© All rights reserved — Cairo University Libraries
CUCL logo
Implemented & Customized by: Eng. M. Mohamady Contact: new-lib@cl.cu.edu.eg © All rights reserved — New Central Library
CNUL logo
Implemented & Customized by: Eng. M. Mohamady Contact: cnul@cl.cu.edu.eg © All rights reserved — Cairo National University Library